<?xml version="1.0" encoding="UTF-8"?>
<marc:record xmlns:marc="http://www.loc.gov/MARC21/slim">
   <marc:leader>00000nam a2200000 a 4500</marc:leader>
   <marc:datafield ind1="1" ind2=" " tag="100">
      <marc:subfield code="a">Disney, Walt</marc:subfield>
      <marc:subfield code="4">aut</marc:subfield>
      <marc:subfield code="e">Verfasser/-in</marc:subfield>
   </marc:datafield>
   <marc:datafield ind1="1" ind2=" " tag="100">
      <marc:subfield code="a">Gulbransson, Jan</marc:subfield>
      <marc:subfield code="4">aut</marc:subfield>
      <marc:subfield code="e">Verfasser/-in</marc:subfield>
   </marc:datafield>
   <marc:datafield ind1="0" ind2="0" tag="245">
      <marc:subfield code="a">Die Ducks in den Alpen</marc:subfield>
   </marc:datafield>
   <marc:datafield ind1="0" ind2="0" tag="245">
      <marc:subfield code="c">Walt Disney, Jan Gulbransson</marc:subfield>
   </marc:datafield>
   <marc:datafield ind1=" " ind2="1" tag="264">
      <marc:subfield code="a">Berlin</marc:subfield>
      <marc:subfield code="b">Egmont Comic Collection</marc:subfield>
      <marc:subfield code="c">2021</marc:subfield>
   </marc:datafield>
   <marc:datafield ind1=" " ind2=" " tag="250">
      <marc:subfield code="a">1. Auflage der Neuausgabe</marc:subfield>
   </marc:datafield>
   <marc:datafield ind1="1" ind2=" " tag="520">
      <marc:subfield code="a">Angaben aus der Verlagsmeldung

Die Ducks in den Alpen / von Walt Disney, Jan Gulbransson

Zusammen mit seinen Neffen Donald, Tick, Trick und Track begibt sich Onkel Dagobert auf eine Reise durch Österreich und die Schweiz. Sie sind auf der Suche nach einem Elefanten, und zwar nach dem letzten Exemplar, das direkt von dem berühmten Heereszug Hannibals abstammt. Treiben die Ducks den grauen Dickhäuter nicht rechtzeitig auf, ist Klaas Klever am Drücker und übernimmt Dagoberts gesamtes Vermögen. Auf ihrer abenteuerlichen Suche führt sie ihr Weg kreuz und quer durch die Alpenländer. Basel, Genf, Innsbruck und Wien statten die Ducks in dieser Geschichte einen Besuch ab und bekommen dabei allerlei Sehens- und Merkwürdigkeiten zu Gesicht.
</marc:subfield>
   </marc:datafield>
   <marc:datafield ind1=" " ind2=" " tag="020">
      <marc:subfield code="a">9783770400980</marc:subfield>
      <marc:subfield code="9">9783770400980</marc:subfield>
   </marc:datafield>
   <marc:datafield ind1=" " ind2=" " tag="041">
      <marc:subfield code="a">ger</marc:subfield>
   </marc:datafield>
   <marc:datafield ind1=" " ind2=" " tag="300">
      <marc:subfield code="a">64 Seiten</marc:subfield>
   </marc:datafield>
</marc:record>
